Politik dan dakwah dalam perjuangan Ikhwan al-Muslimin di Mesir, 1970-1981 /
Saved in:
| Main Author: | |
|---|---|
| Format: | Thesis Book |
| Language: | Malay |
| Published: |
2018.
|
| Subjects: | |
| Online Access: | http://studentsrepo.um.edu.my/8473/ |
| Tags: |
Add Tag
No Tags, Be the first to tag this record!
|
| LEADER | 01436cam a2200361 i 4500 | ||
|---|---|---|---|
| 001 | u1076143 | ||
| 003 | SIRSI | ||
| 005 | 200709141613 | ||
| 008 | 180227s2018 my a m 000 0 may | ||
| 040 | |a UMM |e rda | ||
| 043 | |a f-ua--- | ||
| 090 | |a D7 |b UMP 2018 Shaay | ||
| 100 | 0 | |a Shamsul Azhar Yahya, |e author. | |
| 245 | 1 | 0 | |a Politik dan dakwah dalam perjuangan Ikhwan al-Muslimin di Mesir, 1970-1981 / |c Shamsul Azhar bin Yahya. |
| 260 | 1 | |c 2018. | |
| 300 | |a xiii, 233 leaves : |b colour illustrations ; |c 30 cm. | ||
| 336 | |a text |2 rdacontent | ||
| 337 | |a unmediated |2 rdamedia | ||
| 337 | |a computer |2 rdamedia | ||
| 338 | |a volume |2 rdacarrier | ||
| 338 | |a computer disc |2 rdacarrier | ||
| 502 | |b Ph.D. |c Jabatan Sejarah, Fakulti Sastera dan Sains Sosial, Universiti Malaya |d 2018. | ||
| 504 | |a Bibliography: leaves 215-233. | ||
| 530 | |a Also issued in CD. | ||
| 610 | 2 | 0 | |a Jam`iyat al-Ikhwan al-Muslimin (Egypt) |
| 650 | 0 | |a Da'wah (Islam) |z Egypt |x History. | |
| 651 | 0 | |a Egypt |x Politics and government |x History. | |
| 710 | 2 | |a Universiti Malaya. |b Fakulti Sastera dan Sains Sosial. |b Pengajian Peradaban. | |
| 596 | |a 1 25 | ||
| 856 | 4 | 1 | |u http://studentsrepo.um.edu.my/8473/ |
| 900 | |a NSR NSM | ||
| 999 | |a D7 UMP 2018 SHAAY |w LC |c 1 |i A516173400 |d 15/5/2023 |e 15/5/2023 |f 28/3/2018 |g 1 |l STACKS |m P01UTAMA |n 2 |r Y |s Y |t TESIS |u 28/3/2018 |1 AHSS | ||
| 999 | |a D7 UMP 2018 SHAAY |w LC |c 1 |i A517060355 |l STACKS |m P25UMARCHI |r N |s Y |t CD |u 19/3/2018 |1 AHSS | ||
